La morada del hombre

Saved in:
Bibliografiske detaljer
Hovedforfatter: Ward, Barbara (Author)
Format: Bog
Sprog:spansk
Udgivet: Ciudad de México Fondo de Cultura Económica 1976
Serier:Popular, 161
Fag:
Tags: Tilføj Tag
Ingen Tags, Vær først til at tagge denne postø!

MARC

LEADER 00000nam a2200000 a 4500
001 UCQ0855
003 CL-VaPUC
008 980703e19760000MX |||||||||||||||||spa|d
082 0 4 |a 304.2  |b WAR  |2 21 
100 0 |a Ward, Barbara  |e author  |9 414212 
245 1 3 |a La morada del hombre 
300 |a 502 p 
942 |c BK 
945 |d 19980703 00:00:00  |a crobeson 
260 |a Ciudad de México  |b Fondo de Cultura Económica  |c 1976 
650 0 |a Ecología humana   |9 263207 
650 7 |a CIENCIAS AMBIENTALES  |2 CL-VaPUC  |9 344897 
650 7 |a CAMBIOS AMBIENTALES  |2 CL-VaPUC  |9 341435 
650 7 |a EFECTOS DE LAS ACTIVIDADES HUMANAS  |2 CL-VaPUC  |9 338571 
650 7 |a MEDIO HUMANO  |2 CL-VaPUC  |9 414213 
650 0 |a Medio ambiente  |9 257625 
650 7 |a RELACIONES ECOLOGICAS  |2 CL-VaPUC  |9 414214 
650 0 |a Crisis ecológica   |9 337731 
650 7 |a EQUILIBRIO ECOLOGICO  |2 CL-VaPUC  |9 352587 
583 |a last modification  |c 19980703 00:00:00  |k Rodrigo Vera 
490 0 |a Popular, 161 
999 |c 271883  |d 271881 
952 |0 0  |1 0  |4 0  |6 304_200000000000000_WAR_1976  |7 0  |8 A  |9 306667  |a BIBENE  |b BIBENE  |d 2019-11-20  |i 1429027  |o 304.2 WAR 1976  |p 1429027  |r 2025-01-15  |w 2019-11-20  |y BK  |k ICO